00325nam a2200109Ia 4500008004100000082000800041100001500049245003300064942000600097952009700103999001500200240331s9999 xx 000 0 und d bUYA aUyangoda,J 0aKiri kattiye gewena jeewitha cL 001040708LaWERCLbWERCLcSSCd2024-03-31l0o 331.4 UYAp2742r2024-03-31w2024-03-31yL c5278d5278